| 000 | 01053nam a22002652i 4500 | ||
|---|---|---|---|
| 001 | 17390 | ||
| 003 | BD-RjUL | ||
| 005 | 20211209000130.0 | ||
| 008 | 140217s1957 enka b 100 0 eng d | ||
| 035 | _a(BD-RjUL)17448 | ||
| 040 |
_aBUF _cBUF _dBD-RjUL _beng |
||
| 041 | _aeng | ||
| 082 |
_a778.37 _bPRO 1957 |
||
| 090 |
_aTR593 _b.I5 1956 |
||
| 111 | 2 |
_aInternational Congress on High-Speed Photography _n(3rd : _d1956 : _cLondon, England) _953603 |
|
| 245 | 1 | 0 |
_aProceedings of the Third International Congress on High-Speed Photography : _bheld under the auspices of the Department of Scientific and Industrial Research in London, 10-15 September 1956 / _cedited by R. B. Collins |
| 260 |
_aLondon : _bButterworths Scientific Publications, _c1957 |
||
| 300 |
_axvi, 417 p. : _bill. ; _c26 cm |
||
| 504 | _aIncludes bibliographical references | ||
| 650 | 0 |
_aPhotography _xCongresses. _953598 |
|
| 650 | 0 |
_aPhotography, High-speed _953599 |
|
| 650 | 0 |
_aPhotography _xScientific applications _927591 |
|
| 700 | 1 |
_aCollins, R. B. _953600 |
|
| 942 |
_2ddc _cBK |
||
| 999 |
_c17390 _d17390 |
||